Πρόγραμμα προστασίας και ανάδειξης εθνικού δρυμού Αίνου Κεφαλονιάς

Αποθηκεύτηκε σε:
Λεπτομέρειες βιβλιογραφικής εγγραφής
Συγγραφή απο Οργανισμό/Αρχή: Ελλάς Υπουργείο Περιβάλλοντος Χωροταξίας και Δημοσίων Έργων
Μορφή: Βιβλίο
Γλώσσα:Greek
Δημοσίευση: [χ.τ.] : ΥΠΕΧΩΔΕ - Επιχειρησιακό Πρόγραμμα "Περιβάλλον" με συγχρηματοδότηση της Ευρωπαϊκής Ενωσης (ΕΤΠΑ - Β' ΚΠΣ), [199?]
Θέματα:
Ετικέτες: Προσθήκη ετικέτας
Δεν υπάρχουν, Καταχωρήστε ετικέτα πρώτοι!

MARC

LEADER 00000nam a2200000 i 4500
001 1/9761
008 000824q gre d
035 |l 10063186 
040 |a GR-MY-UA  |b gre  |e aacr 
041 0 |a gre 
082 0 |a 363.7809495 
110 1 |a Ελλάς  |b Υπουργείο Περιβάλλοντος Χωροταξίας και Δημοσίων Έργων. 
245 1 0 |a Πρόγραμμα προστασίας και ανάδειξης εθνικού δρυμού Αίνου Κεφαλονιάς /  |c Υπουργείο Περιβάλλοντος Χωροταξίας και Δημόσιων Έργων 
260 |a [χ.τ.] :   |b ΥΠΕΧΩΔΕ - Επιχειρησιακό Πρόγραμμα "Περιβάλλον" με συγχρηματοδότηση της Ευρωπαϊκής Ενωσης (ΕΤΠΑ - Β' ΚΠΣ),   |c [199?] 
300 |a 24 σ.  |b εικ., χάρτ. 
650 0 0 |a National parks and reserves  |z Greece  |z Cephalonia Island  |x Management. 
650 0 0 |a National parks and reserves  |z Greece  |z Cephalonia Island  |x Planning. 
852 |a INST  |b LESVOS  |e 20000824  |h 363.7809495 ΥΠΟ  |p 005100024299  |q 005100024299  |t BK  |y 0 
901 |a BIBL1-2000-2 
909 |a Λ  |b 077665 
920 |a ΔΩΡΕΑ ΒΙΒΛΙΟΘΗΚΗΣ  |y ΛΕΣΒΟΣ  |z 2000-03 
970 |z 2000/08/ΧΡΥΣΑΝΘΗ